|
|
|
|
| LEADER |
01477nam a2200361Ia 4500 |
| 001 |
EBC289806 |
| 003 |
MiAaPQ |
| 005 |
20200520144314.0 |
| 006 |
m o d | |
| 007 |
cr cn||||||||| |
| 008 |
041016s2004 enka gs 000 0 eng d |
| 020 |
|
|
|z 0861769643
|
| 035 |
|
|
|a (MiAaPQ)EBC289806
|
| 035 |
|
|
|a (Au-PeEL)EBL289806
|
| 035 |
|
|
|a (CaPaEBR)ebr10058604
|
| 035 |
|
|
|a (CaONFJC)MIL51522
|
| 035 |
|
|
|a (OCoLC)70756434
|
| 040 |
|
|
|a MiAaPQ
|c MiAaPQ
|d MiAaPQ
|
| 050 |
|
4 |
|a HD30.22
|b .C66 2004
|
| 245 |
0 |
0 |
|a Continuous innovation
|h [electronic resource] :
|b based on the 4th International CINet Conference, Espoo, Finland, September 2002 /
|c guest editors, Paul Hyland and Jose Gieskes.
|
| 260 |
|
|
|a [Bradford, England] :
|b Emerald Group Pub.,
|c 2004.
|
| 300 |
|
|
|a p. 311-378 :
|b ill.
|
| 490 |
1 |
|
|a Journal of manufacturing technology management ;
|v v. 15, no. 4, 2004
|
| 533 |
|
|
|a Electronic reproduction. Ann Arbor, MI : ProQuest, 2015. Available via World Wide Web. Access may be limited to ProQuest affiliated libraries.
|
| 650 |
|
0 |
|a Industrial management.
|
| 650 |
|
0 |
|a Management.
|
| 655 |
|
4 |
|a Electronic books.
|
| 700 |
1 |
|
|a Hyland, Paul.
|
| 700 |
1 |
|
|a Gieskes, Jose.
|
| 710 |
2 |
|
|a ProQuest (Firm)
|
| 711 |
2 |
|
|a International CINet Conference
|n (4th :
|d 2002 :
|c Espoo, Finland)
|
| 830 |
|
0 |
|a Journal of manufacturing technology management ;
|v v. 15, no. 4.
|
| 856 |
4 |
0 |
|u https://ebookcentral.proquest.com/lib/matrademy/detail.action?docID=289806
|z Click to View
|